000 00973nam a2200277 a 4500
001 BRCA_7498
005 20190320205848.0
008 300413s1924----gw-a######---#000-0#ger-#
041 _ager
044 _agw
050 4 _aND546
_b.H55 1924
100 1 _aHildebrandt, Edmund
_918465
245 1 0 _aMalerei und Plastik des achtzehnten jahrhunderts in Frankreich
_cvon Edmund Hildebrandt ; begründet von Fritz Burger ; herausgegeben von A. E. Brinckmann.
260 _aAlemania
_bAkademische Verlagsgesellschaft Athenaion
_c1924
300 _a212 p.
_bil. (algunas a color), 9 láminas
_c29 cm.
440 0 _aHandbuch der Kunstwissenschaft
_918466
500 _aR28
504 _aBilbiografía p. 209-210
650 1 4 _aPintura francesa
_ySiglo XVIII
_918467
650 1 4 _aEscultura francesa
_ySiglo XVIII
_918468
650 1 4 _aPintura
_xHistoria
_918469
700 1 _aBurger, Fritz
_918470
700 1 _aBrinckmann, A. E.
_eed.
_918471
902 _aGFM
942 _2lcc
_cB
999 _c7173
_d7173